000 00260nam a2200109Ia 4500
008 190216s9999||||xx |||||||||||||| ||und||
100 _aNarendranath Konniyoor
245 0 _aPuthiya Chakravalangal
260 _bCurrent Books
650 _aLekhanam
942 _cBK
999 _c24455
_d24455